000 00344 a2200121 4500
001 ART_13653
005 20260410161911.0
008 260409a
245 1 0 _aOligopoly and welfare
100 1 _aStern, Nicholas H.
700 1 _aDixit, Avinash
773 0 _tEuropean economic review
_g- Vol. 19, NÂș 1 (set. 1982)
_wREV13346
999 _c26806
_d26806